Mountain Countries Quiz Stats

 Plays Quiz Updated Oct 17, 2018

Also try: River Countries
Challenge
Share
Tweet
Embed
Score 0/53 Timer 05:00
5 Plays Today
Range Country % Correct
The AlpsFrance
96.8%
PyreneesFrance
96.8%
HimalayasChina
96.2%
Rocky MountainsUnited States of America
95.7%
Rocky MountainsCanada
95.2%
HimalayasIndia
94.6%
The AlpsSwitzerland
94.4%
The AlpsItaly
93.7%
The AlpsGermany
93.3%
Scandinavian MountainsSweden
93.2%
PyreneesSpain
92.9%
AndesChile
92.8%
Scandinavian MountainsNorway
92.7%
HimalayasNepal
92.5%
Scandinavian MountainsFinland
91.6%
Caucasus MountainsRussia
91.2%
AndesArgentina
91%
AndesPeru
90.4%
The AlpsAustria
89%
HimalayasPakistan
86.8%
AndesBolivia
82.6%
AndesColombia
82.4%
AndesEcuador
79.3%
PyreneesAndorra
79.1%
HimalayasAfghanistan
77.7%
Carpathian MountainsHungary
76.6%
AndesVenezuela
75.9%
Range Country % Correct
Carpathian MountainsRomania
75.6%
Carpathian MountainsSlovakia
75.4%
Dinaric AlpsSlovenia
74.9%
The AlpsSlovenia
74.9%
Carpathian MountainsCzechia
74.7%
Caucasus MountainsTurkey
74.4%
Carpathian MountainsPoland
74.3%
Carpathian MountainsUkraine
74%
Dinaric AlpsSerbia
72.5%
Carpathian MountainsSerbia
72.5%
Dinaric AlpsCroatia
72.4%
Caucasus MountainsGeorgia
70.5%
HimalayasBhutan
69%
Caucasus MountainsIran
66.3%
The AlpsLiechtenstein
66.2%
Dinaric AlpsAlbania
64.9%
Dinaric AlpsBosnia and Herzegovina
64.1%
Caucasus MountainsArmenia
63.4%
Dinaric AlpsMontenegro
62.4%
Caucasus MountainsAzerbaijan
62.1%
Dinaric AlpsKosovo
59.8%
The AlpsMonaco
58.5%
Atlas MountainsMorocco
54.7%
Atlas MountainsAlgeria
52.6%
HimalayasMyanmar
51.4%
Atlas MountainsTunisia
48.2%

You're not logged in!

Compare scores with friends on all Sporcle quizzes.
OR
Log In

You Might Also Like...

Show Comments

Extras

Top Quizzes Today


Score Distribution

Your Account Isn't Verified!

In order to create a playlist on Sporcle, you need to verify the email address you used during registration. Go to your Sporcle Settings to finish the process.

Report this User

Report this user for behavior that violates our Community Guidelines.

Details: